| 000 | 01566cam a22002054a 4500 | ||
|---|---|---|---|
| 005 | 20250605164146.0 | ||
| 008 | 250528s ||||||||||||||||||||||||d | ||
| 035 | _a19164 | ||
| 020 | _a9604021583 | ||
| 040 |
_aGR-AtMCL _bgre _dGR-AtMCL _eAACR2 |
||
| 245 | 1 | _aΠροσωποκεντρική Συμβουλευτική / Θεωρία, Έρευνα και Εφαρμογές | |
| 250 | _a1η | ||
| 260 |
_bΤυπωθήτω, _c2004 |
||
| 300 | _a494 | ||
| 520 | _aΣτόχος αυτού του βιβλίου είναι η κατά το δυνατόν πληρέστερη κριτική παρουσίαση και ανάλυση των βασικών αρχών της προσέγγισης και η ανάδειξη της ευρήτητας των εφαρμογών της. Η Ζωή και το Έργο του Εμπνευστή της Προσωποκεντρικής Προσέγγισης του Carl Ransom Rogers, Η Ιστορική Εξέλιξη της Προσωποκεντρικής Προσέγγισης, Το Θεωρητικό Σύστημα της Προσωποκεντρικής Προσέγγισης, Η Αποτελεσματικότητα της Προσωποκεντρικής Συμβουλευτικής/ Θεραπείας, Η Προσφορά του Rogers στη Συμβουλευτική και τη Θεραπέια: Αναδρομή στο Παρελθόν και Προσδοκίες για το Μέλλον. | ||
| 700 | 1 |
_aΜπρούζος Ανδρέας _95404 |
|
| 942 | _cBK | ||
| 999 |
_c4438 _d4438 |
||